|
|
|
|
| LEADER |
00000naa2a2200000 4500 |
| 001 |
385909 |
| 005 |
20231101063418.0 |
| 035 |
|
|
|a (RuTPU)RU\TPU\prd\14146
|
| 090 |
|
|
|a 385909
|
| 100 |
|
|
|a 20030522a2003 k y0rusy50 ca
|
| 101 |
0 |
|
|a rus
|
| 102 |
|
|
|a RU
|
| 200 |
1 |
|
|a Исследование эффективности ультразвукового метода снижения скорости образования накипи в паяных пластинчатых теплообменниках
|f Г. М. Волк, В. З. Галутин, В. П. Мелихова и др.
|
| 225 |
1 |
|
|a Энергосбережение в Москве
|
| 320 |
|
|
|a Библиогр.: 4 назв.
|
| 461 |
|
1 |
|0 (RuTPU)RU\TPU\prd\913
|x 1609-7505
|t Энергосбережение
|o специализированный журнал
|f Ассоциация инженеров по отоплению, вентиляции, кондиционированию воздуха, теплоснабжению и строительной теплофизике (АВОК), ООО ИИП "АВОК-ПРЕСС"
|d 2000-
|
| 463 |
|
1 |
|0 (RuTPU)RU\TPU\prd\13776
|t № 2
|v С. 16-17
|d 2003
|
| 610 |
1 |
|
|a ультразвуковой метод
|
| 610 |
1 |
|
|a накипь
|
| 610 |
1 |
|
|a теплообменники
|
| 610 |
1 |
|
|a методы снижения накипи
|
| 701 |
|
1 |
|a Волк
|b Г. М.
|
| 701 |
|
1 |
|a Галутин
|b В. З.
|
| 701 |
|
1 |
|a Мелихова
|b В. П.
|
| 701 |
|
1 |
|a Фролов
|b В. П.
|
| 701 |
|
1 |
|a Щербаков
|b С. Н.
|
| 801 |
|
1 |
|a RU
|b 63413507
|c 20030522
|g PSBO
|
| 801 |
|
2 |
|a RU
|b 63413507
|c 20120417
|g RCR
|
| 942 |
|
|
|c BK
|